[Event "EU-ch 2nd"]
[Site "Ohrid"]
[Date "2001.06.01"]
[Round "1"]
[White "San Segundo Carrillo, Pablo"]
[Black "Aleksandrov, Aleksej"]
[Result "1/2-1/2"]
[WhiteElo "2508"]
[BlackElo "2610"]
[Annotator "Ribli,Z"]
[PlyCount "57"]
[EventDate "2001.06.01"]
[EventType "swiss"]
[EventRounds "13"]
[EventCountry "YUG"]
[SourceTitle "CBM 084"]
[Source "ChessBase"]
[SourceDate "2001.09.13"]
[SourceVersion "1"]
[SourceVersionDate "2001.09.13"]
[SourceQuality "1"]

1. d4 Nf6 2. Nf3 e6 3. c4 d5 4. g3 dxc4 5. Bg2 Nc6 6. Qa4 (6. O-O) 6... Bb4+ 7.
Bd2 Nd5 (7... Bd6) 8. Bxb4 Ndxb4 9. a3 {Dieser Zug ist heutzutage wieder
populär und führt zu schweren Komplikationen.} (9. O-O) (9. Ne5) 9... b5 10.
Qxb5 Nc2+ 11. Kd2 (11. Kf1 $5 {Dieser Zug wird selten gespielt, kommt aber in
Betracht.} Qd5 $4 (11... Nxa1 $2 12. Qxc6+ Bd7 13. Qxc4 Rb8 (13... a5 14. Qa2
Nc2 15. b3 $18) 14. b4 Ba4 15. Ne5 Rb6 16. Qc3 Nc2 17. e3 $16 {[%csl Rc2]}) (
11... Bd7 12. Ra2 N6xd4 (12... N2xd4 13. Nxd4 Nxd4 14. Qe5 Nf5 15. Bxa8 Qxa8
16. f3 $14) (12... Qf6) 13. Qxc4 $2 (13. Qe5 f6 $13) (13. Qc5 Qe7 14. Qxe7+
Kxe7 15. Nxd4 Nxd4 16. Bxa8 Rxa8 $44) 13... Bb5 $17) 12. Qa4 $18) 11... Nxa1 (
11... Bd7) 12. Qxc6+ Bd7 13. Qxc4 c5 14. Qa2 Qa5+ (14... cxd4 15. Qxa1 Rc8 (
15... Bc6 $44) 16. b3 (16. b4 Bc6 17. Rc1 O-O 18. Qb2 Qf6 19. Ke1 e5 20. Rc5
Rfe8 21. Nbd2 Bb7 22. Kf1 Rcd8 23. Ne1 e4 24. Nc4 {1-0 Teske,H-Dgebuadze,A/
Berlin 1995/CBM 47 ext (42)}) 16... e5 17. Rd1 Qa5+ 18. b4 Qb5 19. Ke1 O-O 20.
Nbd2 Rc2 {1/2-1/2 Levin,F-Rogozenko,D/Hamburg GER 2001/(43)}) 15. Nc3 cxd4 (
15... Bc6 16. b4 cxb4 17. axb4 Qxa2+ 18. Nxa2 Nb3+ 19. Kc3 Bd5 20. e4 Rc8+ 21.
Kb2 Bxe4 22. Kxb3 Bd5+ 23. Kb2 Bxa2 24. Kxa2 Rc2+ 25. Kb3 Rxf2 {1/2-1/2
Timoshenko,G-Ziatdinov,R/Philadelphia 1999/EXT 2000 (36)}) (15... Rd8 16. Qxa1
cxd4 17. Nxd4 e5 18. Nb3 Qb6 19. Kc2 O-O 20. Nd2 Bf5+ 21. Nde4 {1-0 Meins,
G-Meijere,A/Baunatal 1999/EXT 2000 (63)}) 16. Nxd4 Rd8 17. Rxa1 (17. b4 $6 Qb6
18. e3 Bc6 $1 19. Bxc6+ Qxc6 20. Rxa1 e5 21. Kc2 exd4 22. exd4 Rxd4 23. Re1+
Kf8 24. b5 Qc5 25. Qb2 h5 $1 {0-1 Gasimov,R-Doroshkievich,V/St Petersburg 1994/
CBM 41/[Ftacnik] (38)}) 17... e5 18. b4 (18. Nb3 $2 Be6+ 19. Kc2 Qb6 {[%csl
Ra2,Rb3,Rc2]} 20. Rd1 Rxd1 21. Nxd1 O-O 22. Nc3 Rd8 23. e3 Bxb3+ 24. Qxb3 Rd2+
$19) 18... Qb6 19. Nc2 (19. Nb3 $2 Bc6+) 19... Be6+ (19... Qxf2 20. Ne3 (20.
Bd5) 20... Be6+ 21. Ncd5 O-O 22. Qc4 Bxd5 23. Bxd5 Qxh2 24. Qh4 (24. Qg4 $5 Qh6
25. Qf3 Kh8 26. Rh1 Qg6 $14) 24... Qf2 25. Rh1 h6 26. Rh2 Qg1 27. Rh1 {1/2-1/2
Bareev,E-Adams,M/Dortmund 2000/CBM 78/[Ftacnik] (27)}) 20. Bd5 Qxf2 21. Ne3 O-O
22. Qc4 Rd7 $146 {[%mdl 4] Dieser Turmzug ist die Neuerung im schwarzen Spiel.
Der Plan ist einfach: Schwarz möchte 23...Rfd8 spielen. Weiß hat N+N vs. R,
aber sein König steht etwas unsicher auf d2. Zudem hat er einige
Schwierigkeiten bei der Koordination seiner Figuren - sein Bd5 ist gefesselt.}
(22... Qxh2 23. Qh4 Qxh4 24. gxh4 f5 25. Kc2 (25. Ke1 $142 $14) 25... Kf7 26.
Rd1 f4 27. Nc4 {1/2-1/2 Kasparov,G-Adams,M/Wijk aan Zee NED 2001 (27)}) 23. Qe4
(23. Rd1 Rfd8 24. Qe4 Bxd5 25. Ncxd5 (25. Nexd5 Qd4+ 26. Qd3 Rxd5 27. Nxd5 Rxd5
$11 (27... Qxd3+ 28. exd3 Rxd5 29. Rc1 $14)) 25... f6 $13) 23... Rfd8 24. Qf3
$6 {Dieser Zug führt zu Vereinfachungen und ermöglicht es Schwarz, das
Material zurück zu gewinnen.} (24. Rd1 {Dieser Zug führt zur Varianten 23.Rd1
Rfd8 24.Qe4.}) (24. Qxe5 $5 {Nach diesem Zug ist es nicht leicht für Schwarz
seine Kompensation unter Beweis zu stellen.} Bxd5 25. Ncxd5 Rd6 (25... Rxd5+ $2
26. Nxd5 Qg2 {[%csl Rd5][%cal Gd8d2,Rg2d5]} 27. Rd1 $1 Qxd5+ (27... Rxd5+ 28.
Kc2 $18) 28. Qxd5 Rxd5+ 29. Kc2 $18) 26. Rc1 $16) 24... Qxf3 25. exf3 {[%mdl
4096]} f5 $5 {[%cal Rf5f4,Rf4e3]} (25... Bxd5 26. Nexd5 Rxd5+ 27. Nxd5 Rxd5+
$11) 26. Ke2 (26. Rd1 f4 $4 (26... Bxd5 27. Nexd5 Rxd5+ 28. Nxd5 Rxd5+ 29. Ke2
Rxd1 (29... Rb5 30. Rd8+ Kf7 31. Rd7+ $18 {[%cal Rd7a7,Rd7f7]}) 30. Kxd1 Kf7
$11) 27. Ke2 $18) 26... Bxd5 27. Ncxd5 Rxd5 28. Nxd5 Rxd5 $11 29. Rc1 (29. Rd1
Rxd1 30. Kxd1 Kf7 $11) 1/2-1/2

[Event "Karadjordje Serbia"]
[Site "Topola"]
[Date "2004.05.08"]
[Round "5"]
[White "Ruck, Robert"]
[Black "Pavasovic, Dusko"]
[Result "1/2-1/2"]
[WhiteElo "2556"]
[BlackElo "2591"]
[Annotator "Ribli,Z"]
[PlyCount "56"]
[EventDate "2004.05.04"]
[EventType "tourn"]
[EventRounds "11"]
[EventCountry "YUG"]
[EventCategory "13"]
[SourceTitle "CBM 101"]
[Source "ChessBase"]
[SourceDate "2004.07.27"]
[SourceVersion "1"]
[SourceVersionDate "2004.07.27"]
[SourceQuality "1"]

1. c4 e6 2. Nf3 d5 3. d4 Nf6 {Dieser natürliche Springerzug ist eine kleine
Überraschung, der slowenische Großmeister spielt gewöhnlich 3...c6.} 4. g3 dxc4
5. Bg2 c6 {Dieser Zug wurde seinerzeit von Keres gespielt (Bondarevsky - Keres,
Moskau 1947), aber heutzutage ist er ein seltener Gast in der
Großmeisterpraxis. Aber Pavasovic spielt sehr gern die Slawische Verteidigung
mit Schwarz, so ist diese Variante eine logische Folge des schwarzen Spiels.}
6. Ne5 Bb4+ 7. Bd2 (7. Kf1 O-O 8. Nxc4 b5 9. Ne5 Bb7 10. Nc3 Qb6 11. Be3 Nd5
12. Bxd5 exd5 13. Rc1 $11 {1-0 Lagunow,A-Stern,R/Germany 1998/GER-chT2 (38)}) (
7. Nc3) 7... Qxd4 8. Bxb4 Qxe5 9. Na3 b5 (9... c5 10. Nxc4 Qc7 11. Qd6 Qxd6 12.
Nxd6+ Kd7 13. Bxc5 Nc6 14. Rd1 Kc7 15. Nb5+ {1-0 Yevseev,D-Paulsen,V/Norway
1997/EXT 2003 (15)}) 10. f4 {Das ist die prinzipielle Fortsetzung. Die
Alternative 10.Bd6 ist auch möglich, aber der Textzug ist logischer.} (10. Bd6
Qxb2 11. O-O Nd5 12. e4 Nc3 13. Qh5 Nd7 (13... h6 {Dieser Zug ist gegen Qg5
gerichtet.} 14. e5 Bb7 15. Kh1 Nd7 $13) 14. e5 Bb7 15. Qg5 {[%cal Rg5e7,Rg5g7]}
f6 16. exf6 O-O-O $15 {0-1 Tkachiev,V-Goloshchapov,A/Rethymnon 2003/CBM 98/
[Ribli] (37)}) 10... Qc7 (10... Qxb2 $4 11. Rb1 Qxa2 12. Qd6 $18) 11. Nxb5 cxb5
12. Bxa8 Bb7 13. Bxb7 Qxb7 {Nach forcierten Zügen haben wir eine Stellung, in
der Weiß eine Qualität mehr hat, aber Schwarz hat einen Mehrbauern. Der b4B
steht aktiv und lässt Schwarz nicht rochieren, aber Schwarz kann den Läufer
von der Diagonale a3-f8 verjagen.} 14. O-O {Dieser Zug ist logisch, aber 14.
Rf1 kommt auch stark in Betracht, da Weiß in diesem Fall eventuell lang
rochieren kann.} (14. Rf1 $5 Nd5 15. Bc5 Nd7 16. Qd4 f6 17. e4 Nxc5 18. Qxc5
Qb6 19. Qxb6 Nxb6 20. O-O-O Ke7 21. Rd4 Rc8 22. Rfd1 Rc7 23. f5 Nd7 24. Kc2 Nc5
25. Rd6 e5 26. Rd8 Nd3 27. Rh8 h6 28. Rb8 a6 29. a3 h5 {1/2-1/2 Pankratov,
V-Kharlov,A/Moscow 1998/CBM 63/[Hecht] (70)}) 14... Qb6+ $1 {Dieses
Damenschach is wichtig - auf diese Weise kontrolliert die schwarze Dame die
wichtige a7-g1-Diagonale.} 15. Kh1 Nc6 (15... h5 $5 16. Rf3 Ne4 17. f5 Na6 18.
fxe6 Qxe6 19. a3 Nxb4 20. axb4 Ng5 21. Rf2 O-O {0-1 Chetverik,M-Burmakin,V/
Nagykanizsa 1993/EXT 97 (39)}) 16. Bc3 O-O $44 {[%cal Gb6g1,Gf6e4,Gf6d5][%mdl
4] Schwarz hat eine starke Bauernmehrheit am Damenflügel und einen Bauern für
die Qualität, außerdem ist der weiße Königsflügel schwach.} (16... Ng4 17. Qd6
Ne3 18. Rfd1 $4 (18. f5 $1 $14) 18... Qb7 $1 {0-1 Pasman,M-Stean,M/Beersheba
1978/MCD (18)}) 17. Bxf6 {Weiß muss den Läufer tauschen, sonst spielt Schwarz
17...Nd5 oder 17...Ne4, mit besserem Spiel.} gxf6 18. e4 {[%cal Gd1g4,Gg4g8]
Weiß öffnet die d1-h5 Diagonale für die Dame.} Nb4 {[%csl Yd3][%cal Gb4d3] Der
Springer zielt das d3-Feld.} 19. Qg4+ Kh8 20. a4 (20. Qh4 Qd4 21. e5 Nd5 $11 (
21... fxe5 $2 22. Qe7 $18)) 20... Nd3 {[%csl Gd3][%cal Rd3f2,Rf2g4,Rf2h1]} (
20... a6) 21. Qh4 Qd4 {[%csl Gd3,Gd4,Rh1][%mdl 2048] Schwarz hat gutes
Figurenspiel und sein Zielpunkt ist der weiße König.} 22. e5 (22. axb5 Qxe4+
23. Kg1 Qd4+ 24. Kh1 Rb8 $15) 22... Qe4+ 23. Kg1 fxe5 (23... Qd4+ $11) 24. Qf6+
Kg8 25. axb5 (25. Qg5+ Qg6 (25... Kh8 $11) 26. axb5 exf4 27. Qxg6+ (27. gxf4
Rb8 $15) 27... hxg6 28. gxf4 Rb8 29. Rxa7 Rxb5 $15) 25... Qe3+ 26. Kg2 Qe2+ $11
27. Kg1 (27. Kh3 Nf2+ (27... Qh5+ 28. Qh4 (28. Kg2 $11) 28... Qf5+ 29. Qg4+
Qxg4+ 30. Kxg4 exf4 31. gxf4 Rb8 32. Rxa7 Rxb5 $11) 28. Rxf2 Qxf2 29. fxe5 Qxf6
30. exf6 Rb8 31. Rxa7 h6 $11) 27... Qe3+ 28. Kg2 Qe2+ 1/2-1/2

[Event "George Marx Memorial 2nd"]
[Site "Paks"]
[Date "2004.06.14"]
[Round "9"]
[White "Beliavsky, Alexander G"]
[Black "Portisch, Lajos"]
[Result "1-0"]
[WhiteElo "2667"]
[BlackElo "2573"]
[Annotator "Ribli,Z"]
[PlyCount "85"]
[EventDate "2004.05.05"]
[EventType "tourn"]
[EventRounds "10"]
[EventCountry "HUN"]
[EventCategory "14"]
[SourceTitle "CBM 102"]
[Source "ChessBase"]
[SourceDate "2004.09.23"]
[SourceVersion "1"]
[SourceVersionDate "2004.09.23"]
[SourceQuality "1"]

1. d4 d5 2. c4 e6 3. Nf3 Nf6 4. g3 dxc4 5. Bg2 a6 6. O-O Nc6 {Heutzutage ist
diese Variante in Mode in der Großmeisterpraxis.} 7. e3 Bd7 8. Nc3 Bd6 (8...
Nd5 $5) 9. Qe2 (9. Ne5 $5) 9... O-O {[%mdl 4] Das ist die schwarze
vorbereitete Neuerung in der Stellung, welche Beliavsky ganz gut bekannt ist,
der diese Variante mit beiden Farben spielt. Schwarz beschäftigt sich nicht
mit der Verteidigung des c4-Bauern, er möchte die Entwicklung beenden und die
Stellung ausgleichen.} 10. Qxc4 b5 11. Qe2 b4 12. Nb1 {[%cal Gb1d2,Gd2c4]} (12.
Na4 Ne7 (12... e5 13. dxe5 (13. Qc2 exd4 14. Nxd4 Nxd4 15. exd4 $14) 13... Nxe5
14. Nxe5 Bxe5 15. Bxa8 (15. Rd1 Qe7 $11) 15... Qxa8 $17 {[%cal Rd7a4,Rd7b5,
Rb5f1,Rd7h3,Rh3f1]}) 13. Qc2 Bc6 14. Nc5 Bxc5 15. Qxc5 (15. dxc5 Be4 $15) 15...
Rb8 $11) 12... Na5 (12... Ne7 $5 $11) 13. Rd1 Bb5 14. Qe1 Qe8 $11 {Schwarz
platziert die Dame auf e8, als wenn es die einzige Möglichkeit wäre; er kann
auch Be7 ziehen. Der schwarze Damenflügel ist ein wenig geschwächt, aber er
hat eine gute Entwicklung und keine besonderen Schwächen.} (14... Qe7 15. e4 {
[%csl Rd6,Rf6]} e5 16. dxe5 Bxe5 17. Nxe5 Qxe5 18. Qxb4 $16) 15. b3 (15. e4 Be7
$11) 15... Rc8 (15... c5 16. dxc5 Bxc5 17. Nd4 Rc8 $11) 16. Bb2 c5 17. dxc5 (
17. Nbd2 $2 c4 18. bxc4 Nxc4 19. Nxc4 Bxc4 $15) 17... Bxc5 18. Nbd2 Bc6 (18...
Qe7 19. Bxf6 Qxf6 20. Ne4 Qe7 21. Nxc5 Qxc5 22. Nd4 $14 {In diesem Fall muss
Schwarz auch mit 23.a3 rechnen.}) 19. Rac1 Qe7 (19... Be7 $5 $11) 20. Bxf6 gxf6
{Schwarz hat einen Doppelbauern auf der f-Linie, aber es ist nicht leicht für
Weiß diese Schwäche auszunutzen.} 21. Nh4 Bxg2 (21... f5 $11) 22. Nxg2 Bd6 23.
Qe2 {Weiß hat die bessere Bauernstruktur, aber Schwarz kann mit gutem
Figurenspiel das Gleichgewicht halten.} Rxc1 24. Rxc1 Qb7 {[%csl Gb7][%cal
Gb7h1]} 25. Qg4+ Kh8 26. Qh4 Be7 27. Ne4 Qd5 (27... Rc8 28. Rd1 (28. Rxc8+ Qxc8
29. Nf4 $14) 28... Qb5 29. Nf4 $14) 28. f3 (28. Nxf6 $4 Qf5 $19) 28... Qd8 {
[%cal Rf6f5] Die schwarze Drohung ist 29...f5.} 29. Qf4 Nb7 30. g4 Kg7 {
Schwarz möchte 31...Nd6 spielen und im Falle von 32.Rd1 e5 wegen 30...Kg7 geht
der Zug 33.Qh6 nicht.} (30... Nd6 31. Rd1 e5 32. Qh6 $16) 31. Ng3 Nc5 32. Nh5+
Kh8 33. Qd4 $1 $14 (33. Qh6 $6 Rg8 34. Nxf6 Bxf6 35. Rxc5 Bc3 $36) 33... e5 (
33... Qxd4 34. exd4 Nd7 (34... Nd3 35. Rd1 $18 {[%csl Rd3]}) 35. Rc7 Rd8 36.
Ne3 $14) 34. Qxd8 Rxd8 35. Nh4 {[%cal Gh4f5]} e4 $2 {[%mdl 16384] Schwarz
möchte aktiv spielen, aber es wäre besser mit dem Turm auf der zweite Reihe
einzudringen.} (35... Rd2 $1 36. Nf5 Bf8 37. Ra1 (37. Nxf6 Rxa2 38. Ne4 Nxe4
39. Rc8 Kg8 40. fxe4 Rb2 41. Nh6+ Kg7 42. Nf5+ $11) 37... e4 38. f4 $14) 36.
Nf5 $16 Bf8 37. fxe4 Nxe4 38. h4 Nc3 (38... Rd2 39. Rc8 $18) 39. Rc2 {[%csl
Rf6] Alles ist verteidigt in der weißen Stellung, wärend Schwarz seinen
f6-Bauern nicht verteidigen kann.} Rd3 40. Kg2 Bd6 41. Nxf6 Be5 42. Ne4 $1 Kg8
$6 (42... Nxe4 43. Rc8+ $18) (42... a5 43. Kf3 $16) 43. Nc5 $18 {[%cal Rc5a6,
Rc5d3]} 1-0

[Event "FIDE-Wch k.o."]
[Site "Tripoli"]
[Date "2004.06.26"]
[Round "4.1"]
[White "Kozul, Zdenko"]
[Black "Topalov, Veselin"]
[Result "0-1"]
[WhiteElo "2627"]
[BlackElo "2737"]
[Annotator "Ribli,Z"]
[PlyCount "84"]
[EventDate "2004.06.19"]
[EventType "k.o."]
[EventRounds "7"]
[EventCountry "LBY"]
[SourceTitle "CBM 102"]
[Source "ChessBase"]
[SourceDate "2004.09.23"]
[SourceVersion "1"]
[SourceVersionDate "2004.09.23"]
[SourceQuality "1"]

1. d4 Nf6 2. Nf3 e6 3. c4 d5 4. g3 Bb4+ {Dieses Läuferschach ist sehr populär
in der Großmeisterpraxis - Schwarz möchte die natürliche weiße
Figurenentwicklung stören.} 5. Nbd2 {Dieser Zug wird selten gespielt. Nach 5.
Bd2 spielt Schwarz 5...Be7 und in der geschlossene Variante (wenn Schwarz
nicht auf c4 nimmt) mit d2B kann Weiß nicht b3-Bb2 spielen.} dxc4 {Das ist die
konsequente Fortsetzung - Schwarz nimmt den Bauern.} 6. Bg2 b5 7. O-O O-O 8. a4
c6 9. e4 {Weiß hat ein starkes Bauernzentrum, das ist seine Kompensation für
den Bauern.} (9. Qc2 Bb7 (9... a5 10. b3 cxb3 11. Nxb3 bxa4 12. Rxa4 Ba6 13.
Bg5 Bb5 14. Ra2 h6 {1/2-1/2 Raetsky,A-Gipslis,A/Senden 1998/CBM 67 ext (28)})
10. Rd1 Nbd7 11. e4 Re8 12. e5 Nd5 13. Ne4 Bf8 14. h4 Nb4 15. Qe2 Nd3 {0-1
Koerholz,L-Hracek,Z/Rethymnon 2003/CBM 98 (27)}) 9... c3 10. Nb3 (10. bxc3 Bxc3
11. Rb1 b4 $15) 10... Ba6 {[%cal Ga6f1]} (10... cxb2 11. Bxb2 Ba6 (11... Nxe4
$2 12. axb5 cxb5 $2 13. Nfd2 $18) 12. a5 Nxe4 13. Qc2 {Auf diese Weise
bekommen wir unsere Partiefortsetzung mit Zugumstellung - siehe 13.Bxb2.}) 11.
a5 $8 {Weiß muss die a-Linie schließen, sonst verliert er Material.} (11. axb5
$2 Bxb5 12. Re1 cxb2 $19) 11... Nxe4 12. Qc2 cxb2 13. Bxb2 Nf6 14. Ne5 $15 {
Schwarz hat zwar zwei Bauern mehr, aber Weiß hat zwei starke Läufer auf den
großen Diagonalen und er kontrolliert die wichtigsten Punkte. Andererseits
sind zwei Bauern zu viel und ich glaube, die weiße Kompensation ist nicht
ausreichend.} Nd5 15. Rfc1 (15. Nxc6 Nxc6 16. Qxc6 Qd6 17. Qxd6 (17. Rfc1 Rfd8)
17... Bxd6 18. Nc5 Bxc5 (18... Bc8 $15) 19. dxc5 Bb7 $15) 15... Bb7 16. Nc5
Bxc5 17. dxc5 {[%csl Gb2][%cal Gb2g7] Auf diese Weise öffnet Weiß die
Diagonale des b2-Läufers.} (17. Qxc5 Na6 $17) 17... f6 {Schwarz verjagt den
Springer von e5 und beschränkt die Aktivität des b2-Läufers.} (17... Nd7 $2 18.
a6 $16) 18. Nd3 (18. a6 $2 Bc8 $17) 18... Na6 (18... e5 $6 19. f4 $132) 19. Re1
Bc8 $1 {Schwarz muss seine Läuferstellung verbessern.} (19... e5 $6 20. f4 $132
) 20. Be4 (20. f4 $5 $15) 20... h6 (20... e5 $5 21. f4 Be6 $17) 21. Rad1 (21.
f4 $5) 21... Qc7 22. Qe2 e5 23. f4 Be6 (23... exf4 24. gxf4 Be6 $17) 24. fxe5
f5 $1 {[%mdl 256] Schwarz hat nur noch einen Bauern mehr, aber die Stellung
hat einen geschlossenen Charakter und die weißen Läufer sind weniger wert.} 25.
Bxd5 cxd5 (25... Bxd5 26. Nf4 $132) 26. Nf4 Qc6 (26... Nxc5 $2 27. Rc1 $18) 27.
Qh5 (27. Qf3 Rad8 $15) 27... Nc7 {Endlich kommt der schwarze Springer auch ins
Spiel.} 28. Qg6 Qe8 29. Ba3 (29. Qxe8 Rfxe8 $15) 29... Rb8 {[%cal Gb5b4]
Schwarz bereitet 30...b4 vor.} (29... Bf7 $2 30. Qxf5 Ne6 31. c6 $16) (29...
Qxg6 30. Nxg6 Rfe8 31. c6 Kf7 32. Nf4 g5 $15) 30. Rd4 Bf7 31. Qd6 (31. Qxf5 Ne6
{Jetzt können wir die Idee des Zuges 29...Rb8 sehen - wegen der Drohung 30...
b4 spielte Weiß 30.Rd4 und jetzt hängt der Turm auf d4.} 32. Nxe6 Bxe6 33. Qd3
Qc6 $15 {Die Stellung ist materiell gleich, aber Schwarz steht etwas aktiver.})
31... Ne6 {[%csl Ge6]} 32. Nxe6 (32. Rb4 Ng5 $15 {[%cal Gg5e4]}) 32... Bxe6 33.
c6 Rf7 34. Rc1 Rc8 35. Rxd5 f4 $1 $17 {Schwarz beschäftigt sich nicht mit der
Qualität, er strebt zum Angriff am Königsflügel.} (35... Bxd5 $6 36. Qxd5 $44 {
[%cal Ga3d6,Ge5e6]}) 36. Rxb5 (36. gxf4 Rxf4 $17 {[%csl Rg1][%cal Re8g6,Rg6g1]}
) 36... fxg3 37. hxg3 Rd8 38. Qb4 (38. Qc5 Rd3 $17) 38... Rf3 $1 39. c7 (39.
Kg2 Rxg3+ $1 40. Kxg3 Rd3+ 41. Kf2 Qf7+ $19) (39. Qe7 Rxg3+ 40. Kf2 Rxa3 41.
Qxa3 Qf7+ $19) 39... Rxg3+ $1 $19 {[%csl Rg1] Dieser Zug führt forciert zum
Matt.} 40. Kf2 Qf7+ {[%mdl 128]} 41. Kxg3 Rd3+ 42. Kg2 Qf3+ (42... Qf3+ 43. Kh2
(43. Kg1 Qe3+ 44. Kg2 (44. Kh1 Qh3+ $19) 44... Bh3+ $19) 43... Qf2+ 44. Kh1
Rh3#) 0-1